000 01100nas a2200373 4500
001 BR0800804
003 BR-BrBNA
005 20231205111620.0
007 ta
008 230509b bl.|||p| |||| 00| 00por d
040 _aBR-BrBNA
_bpor
_cBiblioteca Nacional de Agricultura
041 _a(Pt)
072 _aL53; L73; L10
100 1 _aPereira, P.A.C.
100 1 _aFerreira, A.M.
100 1 _aCarvalho, L.B.
100 1 _aOliveira Junior., A.C.
100 1 _aRodrigues, R.O.
100 1 _aLeite, R.C.
245 1 _aPerfil sorológico das leptospiroses em rebanhos da região do Vale do Paraíba-SP
650 _aSÃO PAULO
650 _aZOONOSE
650 _aREPRODUÇÃO ANIMAL
650 _aBOVINO
650 _aGADO LEITEIRO
650 _aDOENÇA ANIMAL
650 _aLEPTOSPIROSE
650 _aSOROLOGIA
650 _aDIAGNÓSTICO
650 _aSORO-AGLUTINAÇÃO
773 0 _tRevista Brasileira de Reprodução Animal (Brazil)
_xISSN 0102-0803
_g(Jul-Sep 2004), v. 28(3) p. 174-177
_wBR0800804
909 _a202311
_bLúcia
_c55
_dLúcia Elande
942 _2AGRIS
_n0
_cANA
999 _c193553
_d193553